000 00312nam a2200133Ia 4500
008 150731s2014 xx 000 0 und d
082 _a611
_bH 14 C
100 _aCHAURASIA,B.D.
245 _aHB. OF GENERAL ANATOMY
250 _a4 TH
260 _bC B S PUB. INDIA
_c2014
300 _a262
942 _2ddc
_cBK
_031
999 _c7944
_d7944